La formación del profesorado en educación en valores: propuesta y materiales

Guardat en:
Dades bibliogràfiques
Autor principal: Buxarrais Estrada, Maria Rosa (Autor)
Format: Llibre
Idioma:espanyol
Publicat: Bilbao Desclée De Brouwer 2003
Edició:3a. ed
Col·lecció:Aprender a Ser
Matèries:
Etiquetes: Afegir etiqueta
Sense etiquetes, Sigues el primer a etiquetar aquest registre!

MARC

LEADER 00000cam a2200000 a 4500
001 UCD1215
003 CL-VaPUC
008 160114e20030200sp |||||||||||||||||spa|d
020 |a 8433012614 
082 0 4 |a 370.114  |b BUX  |2 21 
100 |a Buxarrais Estrada, Maria Rosa  |e author  |9 584305 
245 1 3 |a La formación del profesorado en educación en valores: propuesta y materiales 
250 |a 3a. ed 
300 |a 189 p 
942 |c BK 
945 |d 20160114 01:07:00  |a arojas 
260 |a Bilbao  |b Desclée De Brouwer  |c 2003 
650 0 |a Educación moral  |9 308319 
650 0 |a Valores morales   |9 310604 
650 0 |a Ética  |9 255099 
650 0 |a Rol del docente  |9 329733 
650 0 |a Formación profesional de profesores  |9 307493 
583 |a last modification  |c 20170828 11:39:28  |k Rodrigo Vera 
490 0 |a Aprender a Ser 
999 |c 362604  |d 362602 
952 |0 0  |1 0  |3 erb  |4 0  |6 370_114000000000000_BUX_2003  |7 0  |8 A  |9 473960  |a BIBTEO  |b BIBTEO  |i 5260329  |o 370.114 BUX 2003  |p 5260329  |r 2025-01-17  |w 2019-11-24  |y BK  |z Catalogado en:20160114  |k ICR